Torschützenliste der Ligue 1 2019-2020 - Statistiken

Allgemein
  • Dieses Quiz wurde 19 mal gespielt
  • Das Durchschnittsergebnis liegt bei 5 aus 11
Antwortstatistiken
Tore Nationalität Verein Spieler % Korrekt
18 Frankreich Paris Saint-Germain Kylian Mbappé
100%
13 Brasilien Paris Saint-Germain Neymar
94%
18 Frankreich AS Monaco Wissam Ben Yedder
83%
11 Dänemark OGC Nizza Kasper Dolberg
61%
12 Argentinien Paris Saint-Germain Mauro Icardi
50%
16 Frankreich Olympique Lyon Moussa Dembélé
33%
13 Nigeria OSC Lille Victor Osimhen
33%
11 Argentinien Olympique Marseille Darío Benedetto
17%
10 Senegal Stade Rennes M’Baye Niang
17%
10 Gabun AS Saint-Étienne Denis Bouanga
11%
12 Senegal FC Metz Habib Diallo
6%
Keine übereinstimmenden Quizze gefunden
Verteilung der Resultate
Anzahl Personen mit jedem Resultat
Perzentil nach korrekt beantworteten Fragen
Ihre Resultats-Entwicklung
Sie haben dieses Quiz noch nicht gespielt